[Event "Oceania zt"]
[Site "Cammeray"]
[Date "2015.07.09"]
[Round "8"]
[White "Rachmadi, Herman"]
[Black "Coey, Andrew"]
[Result "1-0"]
[WhiteElo "1838"]
[BlackElo "1632"]
[PlyCount "41"]
[EventDate "2015.07.04"]
[EventType "swiss"]
[EventRounds "9"]
[EventCountry "AUS"]
[SourceTitle "EXT 2017"]
[Source "ChessBase"]
[SourceDate "2016.10.25"]
[SourceVersion "1"]
[SourceVersionDate "2016.10.25"]
[SourceQuality "1"]

1. d4 Nf6 2. g3 h6 3. Bg2 g5 4. c4 d6 5. e4 c6 6. Nc3 Bg7 7. b4 Qb6 8. Rb1 Nxe4 9. Nxe4 Bxd4 10. Qe2 Kd8 11. a3 f5 12. Nf3 fxe4 13. Nxd4 e5 14. Nb3 Bf5 15. Qh5 Ke7 16. Bxg5+ Ke6 17. c5 Qa6 18. g4 Bh7 19. Qxh6+ Kd5 20. Qxd6+ Kc4 21. Bf1+ 1-0

[Event "Oceania zt"]
[Site "Cammeray"]
[Date "2015.07.05"]
[Round "3"]
[White "Coey, Andrew"]
[Black "Tracey, Michael"]
[Result "0-1"]
[WhiteElo "1632"]
[BlackElo "1689"]
[PlyCount "80"]
[EventDate "2015.07.04"]
[EventType "swiss"]
[EventRounds "9"]
[EventCountry "AUS"]
[SourceTitle "CBM 167 Extra"]
[Source "ChessBase"]
[SourceDate "2015.09.14"]
[SourceVersion "1"]
[SourceVersionDate "2015.09.14"]
[SourceQuality "1"]

1. g4 e5 2. Bg2 d5 3. h3 Bc5 4. c4 c6 5. Nc3 Be6 6. Qb3 Qd7 7. cxd5 cxd5 8. Nxd5 Nc6 9. e4 Nge7 10. Qc4 Bd4 11. Nf3 0-0 12. Ng5 Rac8 13. Nxe7+ Qxe7 14. Nxe6 fxe6 15. 0-0 Qh4 16. Qe2 Rf6 17. d3 Rcf8 18. Be3 h6 19. a3 g5 20. f3 Kg7 21. Bf2 Qg3 22. Kh1 Bxf2 23. Qxf2 Qf4 24. Rac1 Rc8 25. b4 Rff8 26. Rce1 Nd4 27. Qe3 Rc2 28. Qxf4 gxf4 29. h4 Rfc8 30. h5 R8c3 31. Rg1 Rxa3 32. Ra1 Raa2 33. Rxa2 Rxa2 34. Rc1 Rc2 35. Rxc2 Nxc2 36. b5 Nd4 37. Kh2 Nxb5 38. Bh3 Nd4 39. Kg2 b5 40. Kf2 a5 0-1